<?xml version="1.0" encoding="UTF-8"?>
<marc:record xmlns:marc="http://www.loc.gov/MARC21/slim">
   <marc:leader>00000nam a2200000 a 4500</marc:leader>
   <marc:datafield ind1="1" ind2=" " tag="100">
      <marc:subfield code="a">Steinpusch, Monalis</marc:subfield>
      <marc:subfield code="4">aut</marc:subfield>
      <marc:subfield code="e">Verfasser/-in</marc:subfield>
   </marc:datafield>
   <marc:datafield ind1=" " ind2=" " tag="653">
      <marc:subfield code="a">Kinderbücher bis 11 Jahre</marc:subfield>
   </marc:datafield>
   <marc:datafield ind1="0" ind2="0" tag="245">
      <marc:subfield code="a">Tropfis Reisen zur großen Einheit des Wassers - dem Ozean</marc:subfield>
   </marc:datafield>
   <marc:datafield ind1="0" ind2="0" tag="245">
      <marc:subfield code="c">Monalis Steinpusch</marc:subfield>
   </marc:datafield>
   <marc:datafield ind1=" " ind2="1" tag="264">
      <marc:subfield code="a">Glödnitz</marc:subfield>
      <marc:subfield code="b">Memoiren-Verl.</marc:subfield>
   </marc:datafield>
   <marc:datafield ind1="1" ind2=" " tag="520">
      <marc:subfield code="a">Angaben aus der Verlagsmeldung

Tropfis Reise zur großen Einheit des Wasser - dem Ozean. Band 2 : Mit der Sprache des Hernzens verstehen lernen / von Monalis Steinpusch

Tropfi lernt in einem breiten Strom Tropfinchen kennen. Bald merken
beide, dass sie sich sehr mögen. Nun setzen sie gemeinsam ihre
Reise zur großen Einheit des Wassers, dem Ozean, fort, werden jedoch
durch ihren eigenen Übermut und ihre eigene Unachtsamkeit
voneinander getrennt. Elementargeister und Tiere helfen ihnen, wieder
zusammenzukommen. Im Delta des breiten Stromes zeigt sich
ihnen zum Abschied mächtig und majestätisch der Gebieter dieses
Gewässers. Von Wasserelfen wird ihr Süßwasserkörperchen behutsam
in ein Salzwasserkörperchen umgewandelt. Nun sind sie für
den Eintritt in die große Einheit des Wassers bereit.
</marc:subfield>
   </marc:datafield>
   <marc:datafield ind1=" " ind2=" " tag="020">
      <marc:subfield code="a">9783902757814</marc:subfield>
      <marc:subfield code="9">9783902757814</marc:subfield>
   </marc:datafield>
   <marc:datafield ind1=" " ind2=" " tag="041">
      <marc:subfield code="a">ger</marc:subfield>
   </marc:datafield>
   <marc:datafield ind1=" " ind2=" " tag="300">
      <marc:subfield code="a">103 S.</marc:subfield>
   </marc:datafield>
</marc:record>
